<?xml version="1.0" encoding="UTF-8"?>
<marc:record xmlns:marc="http://www.loc.gov/MARC21/slim">
   <marc:leader>00000nam a2200000 a 4500</marc:leader>
   <marc:datafield ind1="0" ind2="0" tag="245">
      <marc:subfield code="a">Mein erster Wortschatz</marc:subfield>
   </marc:datafield>
   <marc:datafield ind1="0" ind2="0" tag="245">
      <marc:subfield code="c">Ill.: Gerhard Schröder. Red.: Julia Maisch</marc:subfield>
   </marc:datafield>
   <marc:datafield ind1=" " ind2="1" tag="264">
      <marc:subfield code="a">Mannheim</marc:subfield>
      <marc:subfield code="b">Bibliogr. Inst.</marc:subfield>
      <marc:subfield code="c">2013</marc:subfield>
   </marc:datafield>
   <marc:datafield ind1="1" ind2=" " tag="520">
      <marc:subfield code="a">Angaben aus der Verlagsmeldung

Das Bildwörterbuch - Tiere : ab 18 Monaten

Welche Tiere sind auf dem großen Bild zu finden? Wie heißen sie? Mit diesem Bildwörterbuch haben Kinder ab 18 Monaten viel Spaß bei der spielerischen Erweiterung ihres Wortschatzes. Die wichtigsten Tiere aus dem ersten Grundwortschatz zum Erkennen, Suchen und Benennen sind in bunten Szenen zum Thema Lebensraum dargestellt: Haustiere, Garten, Bach, Wald, Bauernhof und Zoo. Die Reihe „Duden Zwerge“ begleitet Kinder ab 12, 18, 24 und 30 Monaten Schritt für Schritt bei ihrer sprachlichen Entwicklung und unterstützt so Eltern und Erzieher bei der optimalen Förderung ihrer Kinder. Konzipiert in Zusammenarbeit mit der renommierten Entwicklungspsychologin Prof. Dr. Pauen.
</marc:subfield>
   </marc:datafield>
   <marc:datafield ind1=" " ind2=" " tag="020">
      <marc:subfield code="a">9783411812387</marc:subfield>
      <marc:subfield code="9">9783411812387</marc:subfield>
   </marc:datafield>
   <marc:datafield ind1=" " ind2=" " tag="020">
      <marc:subfield code="a">3411812389</marc:subfield>
      <marc:subfield code="9">3411812389</marc:subfield>
   </marc:datafield>
   <marc:datafield ind1=" " ind2=" " tag="041">
      <marc:subfield code="a">ger</marc:subfield>
   </marc:datafield>
   <marc:datafield ind1=" " ind2=" " tag="300">
      <marc:subfield code="a">18] S.</marc:subfield>
   </marc:datafield>
</marc:record>
